000 00643nam a22001577a 4500
008 170818b xxu||||| |||| 00| 0 eng d
082 _22017
_aUT0857
_bC27
100 _922334
_aCastañares, Mark Kenneth Dave A.
245 _aFactors Affecting Clients in Using E-Banking in Digos City/
_cMark Kenneth Dave A. Castañares, France Claudine L. Sarona and Rouz B. Arañez
260 _aDigos City:
_bUMDC
_cJanuary 2017.
300 _a48 pages;
_c30 cm.
650 0 _922335
_aBusiness Administration
_vFinancial Management
_xUndergraduate thesis.
700 _922336
_aSarona, France Claudine L.
700 _922337
_aArañez, Rouz B.
942 _2ddc
_cUT
999 _c7345
_d7345